LIBRARY & INFORMATION CENTRE, KCAET, TAVANUR

ONLINE PUBLIC ACCESS CATALOGUE (OPAC)

Technical dictionary / (Record no. 9201)

MARC details
000 -LEADER
fixed length control field 00547cam a2200229ua 4500
041 ## - LANGUAGE CODE
Language code of text/sound track or separate title eng
082 ## - DEWEY DECIMAL CLASSIFICATION NUMBER
Classification number 028.736
Item number GUP/TE
100 ## - MAIN ENTRY--AUTHOR NAME
Personal name Gupta, Dev R .
245 ## - TITLE STATEMENT
Title Technical dictionary /
250 ## - EDITION STATEMENT
Edition statement 1 /
260 ## - PUBLICATION, DISTRIBUTION, ETC. (IMPRINT)
Place of publication New Delhi :
Name of publisher N H Publication Division ,
Year of publication 1986.
300 ## - PHYSICAL DESCRIPTION
Number of Pages 511 ; .
942 ## - ADDED ENTRY ELEMENTS (KOHA)
Koha item type Books
Holdings
Withdrawn status Lost status Damaged status Home library Current library Date acquired Full call number Accession Number Koha item type
      KAUAET KAUAET 26/03/1986 028.736 15221  
      KAUAET KAUAET 12/02/1986 028.736 14893  
      KAUAET KAUAET 26/03/1986 028.736 15223  
      KAUAET KAUAET 26/03/1986 028.736 15222  
      KAUAET KAUAET 12/02/1986 028.736 14892  
free website counter